[Event "8e Open"]
[Site "Saint-Affrique"]
[Date "2000.07.??"]
[Round "5.40"]
[White "Sivan, Michel"]
[Black "Caron, Morgan"]
[Result "1-0"]
[WhiteElo "1830"]
[BlackElo "2079"]
[PlyCount "67"]
[EventDate "2000.07.??"]

1. e4 g6 2. c4 Bg7 3. d4 d6 4. Nc3 Nf6 5. Nge2 O-O 6. Ng3 e5 7. d5 Ne8 8. h4 h6
9. h5 g5 10. Bd3 c6 11. Qc2 Na6 12. Be3 Nf6 13. f3 Nd7 14. a3 Ndc5 15. Be2 cxd5
16. cxd5 Nc7 17. Bxc5 dxc5 18. Rd1 Qd6 19. Nf5 Bxf5 20. exf5 e4 21. Nxe4 Qe5
22. Qxc5 Na6 23. Bxa6 bxa6 24. Qc3 Qxf5 25. Qd2 Rfe8 26. O-O Be5 27. d6 Rad8
28. g4 Qd7 29. Qd5 Kg7 30. b4 f5 31. Nc5 Qxd6 32. Qb7+ Qc7 33. Qxc7+ Bxc7 34.
Rxd8 1-0

[Event "8e Open"]
[Site "Saint-Affrique"]
[Date "2000.07.??"]
[Round "5.43"]
[White "Menna, Ivan"]
[Black "Schoucair, Henry"]
[Result "1-0"]
[WhiteElo "1810"]
[BlackElo "2037"]
[PlyCount "76"]
[EventDate "2000.07.??"]

1. e4 e5 2. Nf3 Nf6 3. Nxe5 d6 4. Nf3 Nxe4 5. d4 d5 6. Bd3 Bd6 7. O-O O-O 8.
Re1 f5 9. c4 c6 10. Nc3 Nxc3 11. bxc3 Nd7 12. Qc2 Qf6 13. Ng5 Qh6 14. h3 f4 15.
Bxh7+ Kh8 16. Qg6 Nf6 17. Qxh6 gxh6 18. Ne6 Nxh7 19. Nxf8 Nxf8 20. c5 Bc7 21.
Re8 {} 21... Kg7 (21... Kg8 22. Bd2 Kf7 23. Rae1 23... Ng6 $11 (23... Ne6 24.
R1xe6 24... Bxe6 $18)) 22. Re7+ Kf6 23. Rxc7 Ne6 24. Rh7 Kg6 25. Rh8 Kg7 26.
Re8 Kf7 27. Rxe6 Bxe6 28. Bxf4 Kg6 29. Re1 Re8 30. Bd6 Kf6 31. Rb1 Rg8 32. Be5+
Kf5 33. Rxb7 Ke4 34. Rg7 Kd3 35. Rxa7 Bxh3 36. Rg7 Be6 37. a4 Kc4 38. Rxg8 Bxg8
1-0

[Event "8e Open"]
[Site "Saint-Affrique"]
[Date "2000.07.26"]
[Round "6.1"]
[White "Santo-Roman, Marc"]
[Black "Fressinet, Laurent"]
[Result "0-1"]
[WhiteElo "2418"]
[BlackElo "2536"]
[PlyCount "64"]
[EventDate "2000.07.??"]

1. e4 c5 2. Nf3 d6 3. d4 cxd4 4. Nxd4 Nf6 5. Nc3 a6 6. f3 e5 7. Nb3 Be6 8. Be3
Nbd7 9. g4 b5 10. g5 Nh5 11. a4 Be7 12. axb5 Bxg5 13. Bxg5 Qxg5 14. Qd2 Nf4 15.
bxa6 O-O 16. Nd5 Bxd5 17. exd5 Nb6 18. O-O-O Nbxd5 19. Kb1 Rfc8 20. Bb5 g6 21.
Rhe1 Rab8 22. c4 Qf5+ 23. Ka2 { } 23... Nd3 24. cxd5 Nxe1 25. Bc6 Nc2 26. a7
Nb4+ 27. Ka3 Rb6 28. Qxb4 (28. a8=Q Rxa8+ 29. Bxa8 Nc2+ 30. Ka2 Ra6+ 31. Na5
31... Rxa8 $19) 28... Rxb4 29. Kxb4 Qf4+ 30. Nd4 exd4 31. a8=Q Rxa8 32. Bxa8
Qxh2 0-1

[Event "8e Open"]
[Site "Saint-Affrique"]
[Date "2000.07.??"]
[Round "6.2"]
[White "Foisor, Ovidiu"]
[Black "Kosten, Anthony"]
[Result "1-0"]
[WhiteElo "2404"]
[BlackElo "2524"]
[PlyCount "79"]
[EventDate "2000.07.??"]

1. d4 Nf6 2. c4 e6 3. Nc3 Bb4 4. Qc2 O-O 5. Nf3 c5 6. dxc5 Na6 7. Bd2 Nxc5 8.
a3 Bxc3 9. Bxc3 b6 10. Ng5 g6 11. b4 Nb7 12. h4 d6 13. h5 e5 14. hxg6 hxg6 15.
g3 a5 16. Bg2 axb4 17. axb4 Rxa1+ 18. Bxa1 Qe7 19. Qd2 Rd8 20. Ne4 Nxe4 21. Qh6
Qf6 22. Bxe4 b5 23. cxb5 Qg7 24. Qg5 Re8 25. Bc6 f6 26. Qc1 Rd8 27. Qc4+ Kf8
28. Qd5 Qc7 29. Rh6 Nc5 30. Rxg6 Be6 31. Qd2 Qh7 32. Qh6+ Qxh6 33. Rxh6 Kg7 34.
Rh4 Nb3 35. Bc3 d5 36. Bd2 Nd4 37. Rxd4 exd4 38. Bf4 Bd7 39. Bxd7 Rxd7 40. b6
1-0

[Event "8e Open"]
[Site "Saint-Affrique"]
[Date "2000.07.??"]
[Round "6.4"]
[White "Fontaine, Robert"]
[Black "Collas, Didier"]
[Result "0-1"]
[WhiteElo "2449"]
[BlackElo "2369"]
[PlyCount "72"]
[EventDate "2000.07.??"]

1. e4 c5 2. Nf3 Nc6 3. d4 cxd4 4. Nxd4 Nf6 5. Nc3 d6 6. Bg5 e6 7. Qd2 a6 8.
O-O-O Bd7 9. f4 b5 10. Bxf6 gxf6 11. Kb1 Qb6 12. Nxc6 Bxc6 13. Bd3 b4 14. Ne2
h5 15. Rhf1 a5 16. Nc1 h4 17. Qe2 Ke7 18. e5 dxe5 19. fxe5 f5 20. Bxf5 exf5 21.
Rxf5 Rd8 22. Rdf1 Bd5 23. e6 fxe6 24. Qe5 Kd7 25. Rf6 Bd6 26. Qe2 Rdg8 27. Rf7+
Ke8 28. Qd3 Rxg2 29. Rh7 Rxh7 30. Qxh7 Qd4 31. Qh5+ Kd7 32. Qh7+ Rg7 33. Qh5 a4
34. Rd1 Qe4 35. Qh8 Qg2 36. Nd3 b3 0-1

[Event "8e Open"]
[Site "Saint-Affrique"]
[Date "2000.07.26"]
[Round "6.5"]
[White "Badea, Bela"]
[Black "Flouzat, Jean-Marc"]
[Result "1-0"]
[WhiteElo "2480"]
[BlackElo "2192"]
[PlyCount "67"]
[EventDate "2000.07.??"]

1. Nf3 d5 2. g3 c6 3. h3 h6 4. Bg2 Bf5 5. d3 Nf6 6. O-O e6 7. Nfd2 Be7 8. e4
Bh7 9. Qe2 O-O 10. Nc3 c5 11. exd5 exd5 12. Qf3 Nc6 13. a3 Nd4 14. Qd1 c4 15.
Nf3 { } 15... Nxc2 16. Qxc2 Bxd3 17. Qd1 Bxf1 18. Kxf1 Bc5 19. Na4 Bd6 20. Be3
Re8 21. Bd4 Ne4 22. Nc3 Bc7 23. Nd2 f5 24. Bxe4 fxe4 25. Kg2 Be5 26. Nf1 Qd7
27. Ne3 Rad8 28. Bxe5 Rxe5 29. Qd4 Rh5 30. g4 Rg5 31. Rd1 Qf7 32. Nxe4 dxe4 33.
Qxd8+ Kh7 34. Kg1 1-0

[Event "8e Open"]
[Site "Saint-Affrique"]
[Date "2000.07.26"]
[Round "6.6"]
[White "Raggini, Lionel"]
[Black "Bricard, Emmanuel"]
[Result "0-1"]
[WhiteElo "2100"]
[BlackElo "2461"]
[PlyCount "40"]
[EventDate "2000.07.??"]

1. e4 g6 2. d4 Bg7 3. Nc3 d6 4. Be3 a6 5. f4 b5 6. Bd3 Bb7 7. Nf3 Nd7 8. Ne2 c5
9. c3 Ngf6 10. Ng3 O-O 11. h3 cxd4 12. cxd4 e5 13. O-O exd4 14. Bxd4 Nc5 15. e5
Nd5 16. exd6 Bxd4+ 17. Nxd4 Ne3 18. Qd2 Nxf1 19. Rxf1 Qxd6 20. Qc3 Nxd3 0-1

[Event "8e Open"]
[Site "Saint-Affrique"]
[Date "2000.07.??"]
[Round "6.7"]
[White "Ravot, Sylvain"]
[Black "Bratanov, Zsivko"]
[Result "1/2-1/2"]
[WhiteElo "2040"]
[BlackElo "2400"]
[PlyCount "99"]
[EventDate "2000.07.??"]

1. e4 c5 2. Nf3 e6 3. d4 cxd4 4. c3 d3 5. Bxd3 d6 6. O-O Qc7 7. Qe2 Nd7 8. Bc2
a6 9. Bf4 Ne5 10. Nbd2 Nf6 11. Rfd1 Be7 12. a4 b6 13. Bxe5 dxe5 14. Qc4 Qb8 15.
Nxe5 Qxe5 16. Qc6+ Nd7 17. Qxa8 Qc7 18. e5 Nxe5 19. Qe4 f5 20. Qe2 O-O 21. Bb3
Bc5 22. Rf1 Bb7 23. Nf3 Nxf3+ 24. gxf3 Qf4 25. Qxe6+ Kh8 26. Bd5 Bc8 27. Qc6
Bd6 28. Rfd1 Qxh2+ 29. Kf1 Bc5 30. Ke2 Qxf2+ 31. Kd3 a5 32. Rh1 Ba6+ 33. c4 Be3
34. Rad1 Bf4 35. Qe6 Qxb2 36. Qe7 Qb3+ 37. Kd4 Qb2+ 38. Kd3 Qb4 39. Qxb4 axb4
40. Rb1 Rd8 41. Kd4 Bd2 42. Ke5 Bc8 43. Rbd1 Bc3+ 44. Kf4 g6 45. Bb7 g5+ 46.
Kxg5 Rg8+ 47. Kf4 Bxb7 48. Rd7 Rg7 49. Rd8+ Rg8 50. Rd7 1/2-1/2

[Event "8e Open"]
[Site "Saint-Affrique"]
[Date "2000.07.26"]
[Round "6.8"]
[White "Cartigny, Patrick"]
[Black "Boudre, Jean-Pierre"]
[Result "0-1"]
[WhiteElo "2036"]
[BlackElo "2360"]
[PlyCount "42"]
[EventDate "2000.07.??"]

1. e4 e5 2. d4 exd4 3. Qxd4 Nc6 4. Qe3 Nf6 5. Nc3 Bb4 6. Bd2 O-O 7. O-O-O Re8
8. Qg3 Rxe4 9. Bd3 Rg4 10. Qh3 d6 11. f3 Rd4 12. Qg3 Ne5 13. Be1 Nxd3+ 14. Rxd3
Rxd3 15. cxd3 Qe8 16. Bd2 Bf5 17. Qf4 Bxc3 18. Bxc3 Bxd3 19. Kd2 Bg6 20. Bxf6
gxf6 21. Nh3 Qe5 0-1

[Event "8e Open"]
[Site "Saint-Affrique"]
[Date "2000.07.26"]
[Round "6.10"]
[White "Planell, Eric"]
[Black "Bonnet, Philippe"]
[Result "1-0"]
[WhiteElo "2300"]
[BlackElo "1990"]
[PlyCount "57"]
[EventDate "2000.07.??"]

1. e4 e5 2. Nf3 Nc6 3. Bb5 a6 4. Ba4 b5 5. Bb3 Bc5 6. c3 d6 7. d4 Bb6 8. dxe5
Be6 9. Bxe6 fxe6 10. exd6 cxd6 11. O-O Nf6 12. Qe2 O-O 13. Be3 Bc7 14. Nbd2 Ng4
15. h3 Nxe3 16. Qxe3 Bb6 17. Qe2 Ra7 18. a4 Raf7 19. axb5 Ne5 20. Nd4 Bxd4 21.
cxd4 Nf3+ 22. Nxf3 Rxf3 23. Ra3 Rxa3 24. bxa3 axb5 25. Qxb5 Qa8 26. Qd3 Qa4 27.
Rc1 Ra8 28. Rc3 h6 29. d5 1-0

[Event "8e Open"]
[Site "Saint-Affrique"]
[Date "2000.07.??"]
[Round "6.11"]
[White "Tholey, Jean-Paul"]
[Black "Guedon, Stephane"]
[Result "0-1"]
[WhiteElo "1940"]
[BlackElo "2282"]
[PlyCount "132"]
[EventDate "2000.07.??"]

1. d4 Nf6 2. c4 c5 3. d5 e5 4. Nc3 d6 5. e4 Be7 6. Nf3 Nbd7 7. Be2 Nf8 8. O-O
Ng6 9. Ne1 a6 10. Nd3 h5 11. a4 h4 12. h3 12... O-O {} 13. f4 exf4 14. Nxf4
Ne5 15. b3 Nh7 16. Be3 g6 17. Qd2 Bf6 18. Rf2 Qa5 19. Rc1 Bd7 20. Nd3 Nxd3 21.
Bxd3 Rfe8 22. Rxf6 Nxf6 23. Qf2 Nh7 24. Qxh4 Qd8 25. Qg3 Re5 26. Bf4 Qe7 27.
Bxe5 dxe5 28. Rf1 Nf6 29. Be2 Kg7 30. h4 Rh8 31. Qg5 Qd6 32. g3 Nh7 33. Qe3 Nf6
34. Kf2 Qb6 35. Nd1 Qc7 36. Kg1 Ne8 37. Nb2 f6 38. Nd3 b6 39. a5 bxa5 40. Qxc5
Qd8 41. Qe3 Nd6 42. c5 Nb5 43. c6 Bh3 44. Rc1 Nd4 45. Nc5 Qb6 46. Kh2 Bc8 47.
Bd1 g5 48. Qc3 gxh4 49. g4 h3 50. Nd3 Nb5 51. Qc5 Qc7 52. Nb2 Nd6 53. Bf3 Nf7
54. Nc4 Ng5 55. Kg3 h2 56. Bh1 Rh3+ 57. Kf2 Kg6 58. Ne3 Nf7 59. Nf5 Bxf5 60.
gxf5+ Kh7 61. Rc3 Rh4 62. Rg3 Nd6 63. Qe3 Qb8 64. Rg6 Nf7 65. Qg3 Qb6+ 66. Kg2
Qg1+ 0-1

[Event "8e Open"]
[Site "Saint-Affrique"]
[Date "2000.07.29"]
[Round "6.12"]
[White "Triger, Franck"]
[Black "Bricard, Herve"]
[Result "1-0"]
[WhiteElo "2224"]
[BlackElo "1900"]
[PlyCount "59"]
[EventDate "2000.07.??"]

1. e4 c5 2. c3 Nf6 3. e5 Nd5 4. d4 e6 5. Nf3 cxd4 6. cxd4 Nc6 7. Nc3 Nxc3 8.
bxc3 d5 9. exd6 Bxd6 10. Bd3 Qa5 11. Bd2 Bd7 12. Ng5 Be7 13. Ne4 O-O-O 14. O-O
e5 15. c4 Qa3 16. Bc1 Qa5 17. d5 f5 18. Ng5 Qc3 19. Rb1 Nb4 20. Rb3 Qd4 21. Nf7
Qh4 22. Nxh8 Rxh8 23. Ba3 a5 24. d6 Bg5 25. Bxb4 axb4 26. Be2 e4 27. Qd4 Bf6
28. Qc5+ Bc6 29. Qxf5+ Bd7 30. Qa5 1-0

[Event "8e Open"]
[Site "Saint-Affrique"]
[Date "2000.07.??"]
[Round "6.13"]
[White "Jankovic, Petar"]
[Black "Mollov, Ergin"]
[Result "0-1"]
[WhiteElo "2083"]
[BlackElo "2432"]
[PlyCount "132"]
[EventDate "2000.07.??"]

1. e4 e6 2. d4 d5 3. Nd2 Be7 4. e5 c5 5. c3 Nc6 6. Ndf3 cxd4 7. cxd4 Bd7 8. Ne2
g5 9. g4 h5 10. Bh3 Nh6 11. Rg1 h4 12. a3 Na5 13. Nc3 Rc8 14. Bf1 Nc4 15. Bxc4
Rxc4 16. Be3 f5 17. exf6 Bxf6 18. Qd2 Nf7 19. h3 Rg8 20. Kf1 Nd6 21. Kg2 Rc7
22. Ne1 Ne4 23. Qd3 Nxc3 24. bxc3 Bc6 25. Nf3 Rf7 26. Rge1 Qd6 27. Kg1 Kd7 28.
a4 Kc8 29. a5 a6 30. Rab1 Rgf8 31. Rb2 e5 32. dxe5 Bxe5 33. Nd4 Bxd4 34. Bxd4
Bb5 35. Qe3 Rf3 36. Qe5 Qxe5 37. Rxe5 Rxh3 38. Rxg5 Bd3 39. Kg2 Rhf3 40. Rxd5
Be4 41. Rc5+ Bc6 42. Kh2 Rg8 43. g5 Kd7 44. Rd2 Kd6 45. Be3+ Ke6 46. Rd4 h3 47.
Rh4 Rd8 48. Rxh3 Rxh3+ 49. Kxh3 {} 49... Rd5 50. Rc4 Rxa5 51. Rh4 Ra1 52. Rh6+
Ke5 53. Rf6 a5 54. Bd4+ Ke4 55. f3+ Kd3 56. g6 Bd5 57. Rd6 Bc4 58. g7 a4 59.
Kg4 a3 60. Bc5+ Kc2 61. Bxa3 Rxa3 62. Rd8 Ra1 63. Kf5 Rg1 64. Rd7 b5 65. f4
Kxc3 66. Ke5 b4 0-1

[Event "8e Open"]
[Site "Saint-Affrique"]
[Date "2000.07.??"]
[Round "6.14"]
[White "Foisor, Cristina"]
[Black "Mietlicki, Richard"]
[Result "1-0"]
[WhiteElo "2386"]
[BlackElo "2080"]
[PlyCount "67"]
[EventDate "2000.07.??"]

1. d4 Nf6 2. c4 g6 3. Nc3 d5 4. Nf3 Bg7 5. Qb3 dxc4 6. Qxc4 O-O 7. e4 Nfd7 8.
Be3 Nc6 9. Rd1 Nb6 10. Qb3 Bg4 11. d5 Ne5 12. Be2 Nxf3+ 13. gxf3 Bh5 14. Rg1
Qd7 15. Rg3 c6 16. a4 Be5 17. a5 Nc8 18. Rg5 18... Qc7 {} 19. Rxe5 Qxe5 20. f4
Qc7 21. Bxh5 gxh5 22. Ke2 Rd8 23. Rg1+ Kf8 24. f5 b6 25. Bh6+ Ke8 26. Qa4 Kd7
27. Bf4 Nd6 28. e5 b5 29. exd6 exd6 30. Qb3 Qxa5 31. dxc6+ Kc8 32. Qxf7 Qc7 33.
Qe6+ Kb8 34. Rg8 1-0

[Event "8e Open"]
[Site "Saint-Affrique"]
[Date "2000.07.??"]
[Round "6.16"]
[White "Safranska, Anda"]
[Black "Canonge, Lionel"]
[Result "1-0"]
[WhiteElo "2337"]
[BlackElo "2050"]
[PlyCount "121"]
[EventDate "2000.07.??"]

1. Nf3 Nf6 2. g3 d5 3. Bg2 c5 4. d3 Nc6 5. O-O e6 6. Nbd2 Be7 7. e4 O-O 8. e5
Ng4 9. Re1 f6 10. exf6 Bxf6 11. c3 Qe8 12. h3 Nge5 13. Nxe5 Bxe5 14. Nf3 Bc7
15. d4 c4 16. b3 Ba5 17. b4 Bc7 18. a4 Ne7 19. Ra2 Bd7 20. Ne5 Ng6 21. Nxd7
Qxd7 22. Qg4 Rae8 23. h4 Rf5 24. Bh3 Nf8 25. a5 Bb8 26. Bg5 Rf7 27. Qd1 h6 28.
Bc1 Qd8 29. Bg2 Kh8 30. Rae2 Rfe7 31. Ba3 Bd6 32. Re3 Nh7 33. Qc2 Nf6 34. f4
Ng4 35. R3e2 Nf6 36. Bc1 Qc7 37. Qg6 Qd8 38. Bf3 Nh7 39. Bd2 Nf8 40. Qg4 Bc7
41. h5 Bd6 42. Kg2 Bc7 43. Qh4 Rf7 44. Qh3 Qd7 45. Bg4 Rfe7 46. Qh4 Bd6 47. Bh3
Qc7 48. Qg4 Qd7 49. Qf3 Qd8 50. Re3 Bc7 51. R1e2 Bd6 52. f5 exf5 53. Qxf5 Rxe3
54. Rxe3 Rxe3 55. Bxe3 Qe7 56. Qf3 Nd7 57. Bf5 Nf6 58. Bf2 Kg8 59. Bb1 Qf7 60.
Bg6 Qe7 61. a6 1-0

[Event "8e Open"]
[Site "Saint-Affrique"]
[Date "2000.07.27"]
[Round "7.1"]
[White "Fressinet, Laurent"]
[Black "Foisor, Ovidiu"]
[Result "1-0"]
[WhiteElo "2536"]
[BlackElo "2404"]
[PlyCount "87"]
[EventDate "2000.07.??"]

1. e4 e6 2. d4 d5 3. Nc3 Nc6 4. Nf3 Nf6 5. Bg5 Be7 6. exd5 exd5 7. Bb5 Bg4 8.
h3 Bxf3 9. Qxf3 O-O 10. O-O-O Ne4 11. Bxe7 Qxe7 12. Rhe1 Qg5+ 13. Qe3 Qxe3+ 14.
Rxe3 Nd6 15. Bd3 Nxd4 16. Nxd5 Ne6 17. Be2 Nf5 18. Re5 Nh4 19. Ne7+ Kh8 20. g3
Ng6 21. Nxg6+ hxg6 22. Bc4 Rad8 23. Rxd8 Nxd8 24. Re7 c6 25. a4 g5 26. a5 a6
27. Kd2 g6 28. Ke3 Kg7 29. Kd4 Kf6 30. Re3 Rh8 31. g4 Ne6+ 32. Bxe6 fxe6 33.
Rf3+ Ke7 34. Kc5 Rd8 35. Kb6 Rd5 36. Kxb7 Rb5+ 37. Kxa6 Rxb2 38. Rb3 Rxc2 39.
Kb7 c5 40. a6 c4 41. Ra3 c3 42. Kc7 Rxf2 43. Rxc3 Ra2 44. Rc6 1-0

[Event "8e Open"]
[Site "Saint-Affrique"]
[Date "2000.07.27"]
[Round "7.2"]
[White "Collas, Didier"]
[Black "Flear, Glenn C"]
[Result "1/2-1/2"]
[WhiteElo "2369"]
[BlackElo "2480"]
[PlyCount "74"]
[EventDate "2000.07.??"]

1. e4 e5 2. Nf3 Nc6 3. d4 exd4 4. Nxd4 Bc5 5. Nxc6 Qf6 6. Qd2 bxc6 7. Bd3 Ne7
8. O-O O-O 9. Kh1 d5 10. Nc3 Bd4 11. Qf4 Bxc3 12. bxc3 Qxc3 13. Rb1 dxe4 14.
Qxe4 Ng6 15. Rb3 Qe5 16. Qxc6 Be6 17. Rb5 Qd6 18. Qxd6 cxd6 19. f4 Ne7 20. a4
Rfc8 21. Re1 a6 22. Ra5 Nc6 23. Rxa6 Nb4 24. Rxa8 Rxa8 25. Bb5 Nxc2 26. Rd1 d5
27. Kg1 h6 28. f5 Bxf5 29. Rxd5 Be6 30. Rd3 Nb4 31. Rd4 Na6 32. Bf4 Nc5 33. Bc7
Bb3 34. Rd8+ Rxd8 35. Bxd8 Bxa4 36. Be7 Bxb5 37. Bxc5 f5 1/2-1/2

[Event "8e Open"]
[Site "Saint-Affrique"]
[Date "2000.07.27"]
[Round "7.3"]
[White "Guedon, Stephane"]
[Black "Badea, Bela"]
[Result "1/2-1/2"]
[WhiteElo "2282"]
[BlackElo "2480"]
[PlyCount "29"]
[EventDate "2000.07.??"]

1. e4 g6 2. d4 Bg7 3. Nc3 d6 4. Nge2 Nd7 5. g3 e5 6. Bg2 Ne7 7. O-O O-O 8. Be3
f5 9. Qd2 exd4 10. Bxd4 Nf6 11. Rad1 Nc6 12. Rfe1 Nxd4 13. Nxd4 fxe4 14. Nxe4
Nxe4 15. Rxe4 1/2-1/2

[Event "8e Open"]
[Site "Saint-Affrique"]
[Date "2000.07.27"]
[Round "7.4"]
[White "Bricard, Emmanuel"]
[Black "Planell, Eric"]
[Result "1-0"]
[WhiteElo "2461"]
[BlackElo "2300"]
[PlyCount "55"]
[EventDate "2000.07.??"]

1. e4 e6 2. d3 d5 3. Nd2 c5 4. g3 Nc6 5. Bg2 Nf6 6. Ngf3 Be7 7. O-O Qc7 8. Re1
Bd7 9. Qe2 O-O 10. e5 Ne8 11. Nf1 b5 12. h4 a5 13. N1h2 Rc8 14. Bf4 a4 15. Rac1
a3 16. bxa3 Ra8 17. Ng5 Qd8 18. Qh5 Bxg5 19. hxg5 f5 20. exf6 gxf6 21. Ng4 Ng7
22. Qh6 fxg5 23. Bxg5 Nf5 24. Bxd8 Nxh6 25. Nxh6+ Kg7 26. Bg5 Rxa3 27. Ng4 Kg6
28. Be3 {} 1-0

[Event "8e Open"]
[Site "Saint-Affrique"]
[Date "2000.07.27"]
[Round "7.6"]
[White "Boudre, Jean-Pierre"]
[Black "Triger, Franck"]
[Result "1-0"]
[WhiteElo "2360"]
[BlackElo "2224"]
[PlyCount "93"]
[EventDate "2000.07.??"]

1. e4 c5 2. Nf3 Nc6 3. Bb5 g6 4. O-O Bg7 5. Re1 e5 6. Bxc6 bxc6 7. c3 Ne7 8. d4
cxd4 9. cxd4 d6 10. dxe5 dxe5 11. Qxd8+ Kxd8 12. Be3 f6 13. Na3 Be6 14. Nd2 Kc7
15. Ndc4 Nc8 16. Rac1 a5 17. Red1 Bf8 18. Nb5+ Kb7 19. Ncd6+ Bxd6 20. Nxd6+ Kc7
21. Nb5+ Kb7 22. Nc3 a4 23. f3 Re8 24. Rd2 Nb6 25. Bxb6 Kxb6 26. a3 Bb3 27. Rd6
Rad8 28. Rxf6 Rd2 29. Nd5+ Bxd5 30. exd5 Rxd5 31. Rcxc6+ Kb7 32. Rb6+ Kc7 33.
Rfc6+ Kd7 34. Rc4 Rd2 35. h4 Ra8 36. Rb7+ Kd6 37. Rcc7 Rd8 38. Rxh7 e4 39. fxe4
Ke5 40. Rbe7+ Kf4 41. Rhf7+ Kg3 42. Rf3+ Kxh4 43. Rg7 g5 44. Kh2 Rxb2 45. Rg3
g4 46. R7xg4+ Kh5 47. Kh3 1-0

[Event "8e Open"]
[Site "Saint-Affrique"]
[Date "2000.07.??"]
[Round "7.7"]
[White "Kosten, Anthony"]
[Black "Todorov, Ognjan"]
[Result "1/2-1/2"]
[WhiteElo "2524"]
[BlackElo "2339"]
[PlyCount "147"]
[EventDate "2000.07.??"]

1. c4 Nf6 2. Nc3 c5 3. Nf3 g6 4. d4 cxd4 5. Nxd4 Nc6 6. g3 Bg7 7. Bg2 O-O 8.
O-O d6 9. Nc2 Be6 10. b3 Qd7 11. Re1 Bh3 12. Bh1 Ng4 13. Bb2 Qf5 14. Bf3 Nce5
15. Nd5 Qd7 16. Nd4 Nf6 17. Bh1 Nxd5 18. cxd5 Rfc8 19. Qd2 Qd8 20. f3 Qb6 21.
e3 Rc5 22. f4 Ng4 23. Rac1 Rac8 24. Rxc5 dxc5 25. Nf3 Bxb2 26. Qxb2 c4 27. Qc3
Nf6 28. bxc4 Nxd5 29. Qb3 Nf6 30. Ng5 Qa5 31. Rc1 Bd7 32. c5 e6 33. Qc3 Qxc3
34. Rxc3 Bc6 35. Nf3 Nd7 36. Ne5 Nxe5 37. fxe5 Bxh1 38. Kxh1 Rc6 39. Ra3 Rxc5
40. Rxa7 Rxe5 41. Rxb7 Rxe3 42. a4 Ra3 43. Ra7 h5 44. a5 Ra2 45. h4 Kg7 46. a6
Kf6 47. Kg1 e5 48. Kf1 Ke6 49. Kg1 f6 50. Ra8 Kf5 51. a7 Kg4 52. Rg8 Rxa7 53.
Rxg6+ Kf3 54. Rxf6+ Kxg3 55. Rg6+ Kxh4 56. Kf2 Rf7+ 57. Ke3 Rf5 58. Ke4 Rg5 59.
Ra6 Kh3 60. Ra3+ Kh2 61. Ra2+ Rg2 62. Ra8 h4 63. Kxe5 Rf2 64. Ke4 h3 65. Rg8
Kh1 66. Ke3 Rf1 67. Ke2 Rg1 68. Ra8 h2 69. Kf2 Rb1 70. Rg8 Rb7 71. Rf8 Rg7 72.
Kf1 Rg1+ 73. Kf2 Rb1 74. Rf7 1/2-1/2

[Event "8e Open"]
[Site "Saint-Affrique"]
[Date "2000.07.??"]
[Round "7.8"]
[White "Dezan, Pierre"]
[Black "Fontaine, Robert"]
[Result "0-1"]
[WhiteElo "2255"]
[BlackElo "2449"]
[PlyCount "73"]
[EventDate "2000.07.??"]

1. e4 c6 2. d4 d5 3. exd5 cxd5 4. Bd3 Nf6 5. h3 Nc6 6. c3 g6 7. Nf3 Bg7 8. O-O
O-O 9. Bf4 Nd7 10. Re1 Re8 11. Qb3 e5 12. Bg5 Qa5 13. Bd2 e4 14. Bf1 Qd8 15.
Nh2 Nb6 16. Na3 Be6 17. Qd1 f5 18. Qc1 Bf6 19. Nc2 Rc8 20. Qd1 g5 21. f4 Kh8
22. Qh5 Rg8 23. Nf3 gxf4 24. Bxf4 Qe7 25. Ne5 Nxe5 26. dxe5 Bg5 27. Bh2 f4 28.
Kh1 Bh4 29. Bxf4 Rcf8 30. Be3 Bxe1 31. Rxe1 Rf5 32. Qe2 Nc4 33. Bd4 Qh4 34. Ne3
Rf2 35. Qd1 Nxb2 36. Qb1 Rg7 37. Nf5 0-1

[Event "8e Open"]
[Site "Saint-Affrique"]
[Date "2000.07.??"]
[Round "7.9"]
[White "Mollov, Ergin"]
[Black "Safranska, Anda"]
[Result "1-0"]
[WhiteElo "2432"]
[BlackElo "2337"]
[PlyCount "91"]
[EventDate "2000.07.??"]

1. d4 Nf6 2. Nf3 g6 3. c4 Bg7 4. Nc3 d6 5. h3 O-O 6. Bg5 c5 7. e3 Nc6 8. Be2 h6
9. Bh4 cxd4 10. Nxd4 Nxd4 11. exd4 e5 12. O-O Re8 13. Bf3 Bd7 14. Re1 Bc6 15.
dxe5 dxe5 16. Bxc6 bxc6 17. Qf3 Re6 18. Ne4 g5 19. Nc5 Re7 20. Bg3 Qe8 21. Rad1
Rc8 22. b4 Rcc7 23. a3 Nh7 24. Rd6 Rc8 25. Qf5 Nf8 26. h4 f6 27. Red1 Ra8 28.
Ne4 Re6 29. c5 Qe7 30. Rxe6 Qxe6 31. Qxe6+ Nxe6 32. Rd6 Nd4 33. Nxf6+ Kf7 34.
hxg5 hxg5 35. Ne4 Ne2+ 36. Kf1 Nxg3+ 37. fxg3 a5 38. Nxg5+ Ke7 39. Rxc6 axb4
40. axb4 Ra3 41. Rc7+ Kf6 42. Ne4+ Kg6 43. b5 Re3 44. b6 Rxe4 45. b7 Rb4 46.
Rc6+ 1-0

[Event "8e Open"]
[Site "Saint-Affrique"]
[Date "2000.07.??"]
[Round "7.10"]
[White "Vajda, Albert"]
[Black "Ravot, Sebastien"]
[Result "1-0"]
[WhiteElo "2410"]
[BlackElo "2040"]
[PlyCount "99"]
[EventDate "2000.07.??"]

1. Nf3 d5 2. g3 c6 3. Bg2 Nf6 4. O-O Nbd7 5. d3 b6 6. Nbd2 Bb7 7. e4 dxe4 8.
dxe4 e5 9. b3 Qc7 10. Bb2 Ba6 11. c4 Bd6 12. Nh4 g6 13. Qf3 Qd8 14. Rad1 Qe7
15. Qe3 Ng4 16. Qe2 Nh6 17. f4 f6 18. Bh3 O-O-O 19. Ndf3 Kc7 20. Kh1 Nf7 21.
Ng2 Nf8 22. Nge1 Bc8 23. Bxc8 Kxc8 24. Nd3 Ne6 25. f5 g5 26. Nfe1 h5 27. h3 h4
28. g4 Nc5 29. Nf2 Rd7 30. b4 Na4 31. c5 Nxc5 32. bxc5 Bxc5 33. Rxd7 Qxd7 34.
Ned3 Bd4 35. Nb4 Bxf2 36. Qxf2 Kb7 37. Rc1 Rc8 38. Qe2 Kb8 39. Rd1 Nd6 40. Ba3
Nxe4 41. Na6+ Ka8 42. Rxd7 Ng3+ 43. Kh2 Nxe2 44. Nc7+ Kb7 45. Nd5+ Ka6 46. Nxf6
c5 47. Ne4 c4 48. f6 Nf4 49. f7 Ng6 50. Nc3 1-0

[Event "8e Open"]
[Site "Saint-Affrique"]
[Date "2000.07.??"]
[Round "7.11"]
[White "Bratanov, Zsivko"]
[Black "Lagunes, Jean-Renaud"]
[Result "1-0"]
[WhiteElo "2400"]
[BlackElo "2191"]
[PlyCount "71"]
[EventDate "2000.07.??"]

1. d4 Nf6 2. c4 g6 3. Nc3 Bg7 4. e4 d6 5. Nf3 O-O 6. Be2 e5 7. O-O Nc6 8. d5
Ne7 9. Bd2 Ne8 10. b4 Kh8 11. c5 Ng8 12. Bg5 f6 13. Bh4 Bh6 14. Nd2 Qd7 15. Nc4
f5 16. f3 Ngf6 17. Bf2 Nh5 18. g3 Rf7 19. b5 b6 20. cxd6 cxd6 21. a4 Nef6 22.
a5 bxa5 23. Rxa5 fxe4 24. fxe4 Qh3 25. Nxd6 Rc7 26. Qd3 {} 26... Rxc3 27. Qxc3
27... Nf4 {} 28. gxf4 $3 28... Qxc3 29. fxe5 Bg4 30. Nf7+ Kg7 31. exf6+ Kxf7
32. Bxg4 Qxa5 33. Be6+ Ke8 34. f7+ Kd8 35. d6 g5 36. Bd4 {
 Mat en 3. Trouvez le. Et on se depeche !!!} 1-0

[Event "8e Open"]
[Site "Saint-Affrique"]
[Date "2000.07.??"]
[Round "7.12"]
[White "Mancini, Mario"]
[Black "Foisor, Cristina"]
[Result "0-1"]
[WhiteElo "2329"]
[BlackElo "2386"]
[PlyCount "110"]
[EventDate "2000.07.??"]

1. Nf3 g6 2. e4 d6 3. d4 Nf6 4. Nc3 Bg7 5. Be2 O-O 6. O-O c6 7. h3 Na6 8. Re1
Nc7 9. a4 b6 10. e5 Nfe8 11. a5 Rb8 12. axb6 axb6 13. Ne4 f6 14. exf6 exf6 15.
c3 d5 16. Ng3 Nd6 17. Bd3 Re8 18. Rxe8+ Qxe8 19. Bf4 Bf8 20. Qc2 Ne6 21. Bd2
Qf7 22. b3 c5 23. Ne2 c4 24. bxc4 dxc4 25. Be4 Nxe4 26. Qxe4 Bb7 27. Qg4 Ra8
28. Rxa8 Bxa8 29. h4 Ng7 30. Nf4 b5 31. Qc8 Qe8 32. Qxe8 Nxe8 33. Nh2 Kf7 34.
f3 Ng7 35. Kf2 h5 36. Nf1 Nf5 37. g3 b4 38. cxb4 Nxd4 39. Ne3 Nxf3 40. Nxc4
Nxd2 41. Nxd2 41... Bxb4 {} 42. Nf3 Bc5+ 43. Ke2 Be4 44. Nd2 Bf5 45. Nc4 Bg4+
46. Kf1 Kg7 47. Kg2 Bd4 48. Kf1 Kf7 49. Kg2 Bd7 50. Nd6+ Kg7 51. Kf3 Bc6+ 52.
Ke2 Be5 53. Nc8 Kf7 54. Ke3 Bc7 55. Kd4 Bd7 0-1

[Event "8e Open"]
[Site "Saint-Affrique"]
[Date "2000.07.??"]
[Round "7.14"]
[White "Petit, Eric"]
[Black "Sauzedde, Eric"]
[Result "1-0"]
[WhiteElo "2249"]
[BlackElo "2030"]
[PlyCount "53"]
[EventDate "2000.07.??"]

1. d4 Nf6 2. Bg5 Ne4 3. Bf4 g5 4. Be5 Rg8 5. Qd3 d6 6. Qxe4 dxe5 7. dxe5 Nc6 8.
e3 e6 9. Qxh7 Rg7 10. Qe4 f5 11. exf6 Qxf6 12. c3 Rf7 13. f3 Bd7 14. Nd2 O-O-O
15. O-O-O Ba3 16. Nc4 Qxc3+ 17. Kb1 Bxb2 18. Ne2 Qf6 19. Nxb2 e5 20. Ng3 Rff8
21. Be2 Ne7 22. Ka1 a5 23. Nc4 Bc6 24. Qxe5 Qf7 25. e4 b6 26. Nxb6+ cxb6 27.
Ba6+ 1-0